Kỹ thuật nuôi giun đất làm thức ăn cho vật nuôi
Sách trình bày đặc điểm của giun đất, thức ăn cho giun, kỹ thuật nuôi giun cách thu hoạch và chế biến giun đất.
שמור ב:
| מחבר ראשי: | |
|---|---|
| פורמט: | ספר |
| שפה: | Undetermined |
| יצא לאור: |
Thanh Hóa
Nhà xuất bản Thanh Hóa
2008
|
| נושאים: | |
| תגים: |
הוספת תג
אין תגיות, היה/י הראשונ/ה לתייג את הרשומה!
|
| Thư viện lưu trữ: | Trung tâm Học liệu Trường Đại học Cần Thơ |
|---|
| LEADER | 00767nam a2200205Ia 4500 | ||
|---|---|---|---|
| 001 | CTU_142305 | ||
| 008 | 210402s9999 xx 000 0 und d | ||
| 020 | |c 12000 | ||
| 082 | |a 639.75 | ||
| 082 | |b Gi108 | ||
| 100 | |a Nguyễn, Xuân Giao | ||
| 245 | 0 | |a Kỹ thuật nuôi giun đất làm thức ăn cho vật nuôi | |
| 245 | 0 | |c Nguyễn Xuân Giao | |
| 260 | |a Thanh Hóa | ||
| 260 | |b Nhà xuất bản Thanh Hóa | ||
| 260 | |c 2008 | ||
| 520 | |a Sách trình bày đặc điểm của giun đất, thức ăn cho giun, kỹ thuật nuôi giun cách thu hoạch và chế biến giun đất. | ||
| 650 | |a Earthworms,Giun đất | ||
| 904 | |i Năm | ||
| 980 | |a Trung tâm Học liệu Trường Đại học Cần Thơ | ||